| 000 | 00688nam a2200217Ia 4500 | ||
|---|---|---|---|
| 008 | 170203s9999 xx 000 0 und d | ||
| 020 | _a9780689846823 | ||
| 050 | _aFic | ||
| 050 | _bB658t | ||
| 100 | _aBoczkowski, Tricia. | ||
| 245 | 4 | _aThe Blue's Clues nursery rhyme treasury / | |
| 260 | _aNew York : | ||
| 260 | _bSimon Spotlight/Nick Jr., | ||
| 260 | _c2001 | ||
| 300 | _a75 pages : | ||
| 300 | _bcolor illustrations ; | ||
| 300 | _c29 cm | ||
| 500 | _a"Based on the TV series Blue's clues created by Traci Paige Johnson, Todd Kessler, and Angela C. Santomero as seen on Nick Jr."--Title page verso. | ||
| 650 | _aChildren's poetry. | ||
| 650 | _aNursery rhymes. | ||
| 999 |
_c306542 _d306542 |
||